| 000 | 01517nam2a2200301 4500 | ||
|---|---|---|---|
| 001 | RU\NLR\bibl\35310 | ||
| 005 | 20260406093153.0 | ||
| 010 |
_a5-8078-0039-7 _98 000 |
||
| 035 | _a(NLR Aleph) 000034411 | ||
| 090 |
_a175218 _c175218 |
||
| 100 | _a19990625d1999 |||y0rusy50 ca | ||
| 101 | 0 | _arus | |
| 102 | _aRU | ||
| 105 | _aa ||||||||| | ||
| 200 | 1 |
_aУчение о преступлении _f[Борзенков Г.Н., д.ю.н., проф., Комиссаров В.С., д.ю.н., проф., Крылова Н.Е. к.ю.н., доц. и др.] |
|
| 210 | _d1999 | ||
| 215 | _a577 c. | ||
| 320 | _aБиблиогр. в подстроч. примеч. | ||
| 461 | 0 |
_1001RU\NLR\bibl\34228 _12001#$aКурс уголовного права. Общая часть$vТ. 1 _9168869 _cМ. _d1999 _fМоск. гос. ун-т им. М.В. Ломоносова. Юрид. фак. _nЗерцало _oУчеб. для юрид. вузов _tКурс уголовного права. Общая часть _vТ. 1 |
|
| 701 | 1 |
_aБорзенков _bГ. Н. _4070 |
|
| 701 | 1 |
_4070 _8rus _7ca _aКомиссаров _bВ. С. _cд-р юрид. наук _f1953-2017 _gВладимир Сергеевич _3RU\NLR\AUTH\7764952 _947881 |
|
| 701 | 1 |
_4070 _8rus _7ca _aКрылова _bН. Е. _cд-р юрид. наук _f1968- _gНаталья Евгеньевна _3RU\NLR\auth\7771960 _954888 |
|
| 801 | 0 |
_aRU _bNLR _c19990625 _gPSBO |
|
| 801 | 1 |
_aRU _bNLR _c19990625 |
|
| 852 |
_aNLR _j99-5/1486 |
||
| 942 | _cBOOK | ||
| 980 | _aNB | ||